00489nam a2200145Ia 4500008004100000041000800041082001700049100002200066245004400088260002600132300003400158365001100192999001700203952012300220240624s9999 xx 000 0 und d aeng a658.4092 KHA aKHANDELWAL ANIL K aDARE TO LEAD THE TRANSFORMATION OF BANK c2011aNew DelhibSage axxviii, : 409 : p. : cm. ; 24 cRSb38 c27553d27553 00104070aIMTNbIMTNcRack 29-Bd2016-05-03eAPg495.00o658.4092 KHAp27553r2024-06-24 00:00:00t1w2024-06-24yBK